LEADER 01240nam a2200241 i 4500 001 000000134517 003 CaOOAMICUS 005 20250327125942.0 008 050207s1904 it u000 u ita u 013 $a107688 040 $aSeMil$bita 100 1 $aCurci, Carlo Maria,$c.$0(OLS)http://semarc/name/13118 245 12$aI Santi Evangeli :$bGli atti degli apostoli ; Le Lettere degli apostoli ; L'Apocalisse /$cnuova traduzione del padre Carlo M. Curci, autorizzata dall'autorità ecclesiastica ; testo latino a fronte con ottanta quadri di Gustavo Doré. 260 $aMilano :$bTreves,$c1904. 300 $a675 p., [80] p. di tav. ;$c35 cm. 650 4$aBibbia - NT - Traduzioni (greco-latino-italiano).$0(OLS)http://semarc/subject/25513 700 1 $aDoré, Gustave,$d<1832-1883>.$0(OLS)http://semarc/name/8279 850 $aSeMil 852 $aSeMil$W1$xVenegono$y1$m5V XI 22$j88250$B88250$CSeMilBibl$Z2$F92851 $8I 961 $aRecupero: Biblioteca Seminario Seveso (fino al 1985) 996 $6245$aI Santi Evangeli :$bGli atti degli apostoli ; Le Lettere degli apostoli ; L'Apocalisse$9(OLS)http://semarc/title/196833 996 $6260$aMilano :$bTreves$9(OLS)http://semarc/publisher/30435 LEADER 00982nam a2200241 i 4500 001 000000161146 003 CaOOAMICUS 005 20070521000000.0 008 070521s1965 it u000 u ita u 013 $a138509 040 $aSeMil$bita 100 1 $aCasciola, Brizio <1871-1957>.$0(OLS)http://semarc/name/42496 245 14$aUna voce ecumenica: don Brizio /$c[scritti di don Brizio Casciola]. 260 $aTorino :$bUniversità popolare Don Orione,$ccopyr. 1965. 300 $a569 p. ;$c21 cm. 500 $aFondo Card. Giovanni Colombo. 600 14$aCasciola, Brizio .$0(OLS)http://semarc/subject/17504 850 $aSeMil 852 $aSeMil$W1$xVenegono$y1$m3G III 192$j112579$B112579$CSeMilBibl$Z2$F124851 $81 941 1 $a3 961 $aLascito: Colombo Card. Giovanni 996 $6245$aUna voce ecumenica: don Brizio$9(OLS)http://semarc/title/144079 996 $6260$aTorino :$bUniversità popolare Don Orione$9(OLS)http://semarc/publisher/44389